000 01024cad a22002055a 4500
001 E146548
008 090203e20080203xxk s000 0 eng d
035 _a(Sirsi) u146548
041 0 _aeng
110 2 _aScotland
_bScottish Government
_95344
245 0 0 _aEnergy efficient housing prize
_h[electronic resource]
260 _c2009
490 _aScottish Government News Release
_v3 February 2009
520 _aA £1m annual prize fund has been launched, with the aim of encouraging innovation in improving the energy efficiency of Scotland's housing sector. Applications will be accepted from April 2009, and the awards will concentrate on new design and innovation in the field of low carbon buildings, with the emphasis on housing.
590 _aKA
651 4 _aScotland
_y1999-
690 _aENVIRONMENTAL AND LAND CONSULTANCY-ENERGY-ENERGY USE-ENERGY EFFICIENCY
856 4 0 _uhttps://www.scotland.gov.uk/News/Releases/2009/02/03100504
_zView the news release free of charge at www.scotland.gov.uk...
942 _n0
999 _c81183
_d81183